000 00348nam a22001337a 4500
008 170529b xxu||||| |||| 00| 0 eng d
020 _a9783895780776
041 _aeng
080 _a621.38
100 _a27
101 _aIM
245 _aFACHWORTERBUCH INDUSTRIELLE ELEKTROTECHNIK, ENERGIE-UND AUTOMATISIERUNGSTECHNIK
_cSIEMENS
942 _2udc
_cBK
999 _c14779
_d14779